| 000 | 02306nam a2200541Ii 4500 | ||
|---|---|---|---|
| 001 | DIGANAGRA0225 | ||
| 003 | NyNyDIG | ||
| 006 | m o d | ||
| 007 | cr ||||||||||| | ||
| 008 | 200413t20112000sp o 000 f spa d | ||
| 035 | _a(OCoLC)1007136244 | ||
| 040 |
_aDGITA _beng _erda _epn _cDGITA |
||
| 020 |
_a9788433933386 _q(eBook ; _qePub) |
||
| 020 |
_a8433933388 _q(eBook ; _qePub) |
||
| 020 | _z9788433969217 | ||
| 020 | _z8433975633 | ||
| 041 | 1 |
_aspa _hfre |
|
| 050 | 1 | 4 | _aPQ2663.A7678 eBook |
| 082 | 0 | 4 | _a843.914 |
| 100 | 1 |
_aCarrère, Emmanuel, _d1957- _eauthor. |
|
| 240 | 1 | 0 |
_aAdversaire. _lSpanish _s(Zulaika) |
| 245 | 1 | 3 |
_aEl adversario / _cEmmanuel Carrère ; traducción, Jaime Zulaika. |
| 250 | _aEdición en formato digital. | ||
| 264 | 1 |
_aBarcelona : _bEditorial Anagrama, _c[2011] |
|
| 264 | 4 | _c©2000 | |
| 300 | _a1 online resource | ||
| 336 |
_atext _btxt _2rdacontent |
||
| 337 |
_acomputer _bc _2rdamedia |
||
| 338 |
_aonline resource _bcr _2rdacarrier |
||
| 347 |
_atext file _2rdaft |
||
| 347 | _bEPUB | ||
| 490 | 1 |
_aPanorama de narrativas ; _v461 |
|
| 520 | _a"El 9 de enero de 1993 un hombre mató a su esposa, sus hijos y sus padres, e intentó sin éxito suicidarse. La investigación reveló que no era médico, tal como pretendía. Mentía desde los dieciocho años y se había construido una existencia ficticia. A punto de ser descubierto, prefirió suprimir a aquellos cuya mirada no hubiera podido soportar". | ||
| 588 | 0 | _aOnline resource; title from ePub title page (Digitalia, viewed April 13, 2020) | |
| 600 | 1 | 0 |
_aRomand, Jean-Claude, _d1954- _vFiction. |
| 650 | 0 |
_aMurderers _zFrance _vFiction. |
|
| 650 | 0 |
_aMurder _xInvestigation _zFrance _vFiction. |
|
| 650 | 0 |
_aSwindlers and swindling _zFrance _vFiction. |
|
| 655 | 0 | _aElectronic books. | |
| 700 | 1 |
_aZulaika, Jaime, _etranslator. |
|
| 776 | 0 | 8 |
_iPrint version: _aCarrère, Emmanuel, 1957- _sAdversaire. Spanish (Zulaika) _tAdversario. _dBarcelona : Editorial Anagrama, 2011 _z9788433969217 |
| 791 | 2 |
_aDigitalia (Firm), _edistributor. |
|
| 793 | 0 |
_gDigitalia Hispánica eBook Collection: _aAnagrama |
|
| 830 | 0 |
_aPanorama de narrativas ; _v461. |
|
| 856 | 4 | 0 |
_3Digitalia Hispánica _uhttps://www.digitaliapublishing.com/a/33111/ |
| 910 | _aPremium Collection: 2020 | ||
| 942 | _cRAA | ||
| 999 |
_c241753 _d241753 |
||